000 00485 a2200181 4500
005 20240627124347.0
008 240619b |||||||| |||| 00| 0 eng d
020 _a9788181525666
_cRs. 1350.00
040 _aMAIN
082 _a338.04
_bG749E
100 _aGoyal, Mukta
245 _aEntreprenuership: The mindset and practice in digital era
260 _bBook Enclave
_c2022
_aJaipur
300 _aviii, 184
650 _aAgriculture
650 _aEntrepreneurship
942 _cBK
999 _c311850
_d311850